Фотограмметрические методы при планировке и учете земель сельских населенных мест / (Record no. 70624)
[ view plain ]
| 000 -LEADER | |
|---|---|
| fixed length control field | 01102nam a22002537a 4500 |
| 001 - CONTROL NUMBER | |
| control field | 000203755 |
| 003 - CONTROL NUMBER IDENTIFIER | |
| control field | AM-YeHGA |
| 005 - DATE AND TIME OF LATEST TRANSACTION | |
| control field | 20250617124017.0 |
| 008 - FIXED-LENGTH DATA ELEMENTS--GENERAL INFORMATION | |
| fixed length control field | 950720s1984 ru ||||| |||| 00| 0 rus d |
| 040 ## - CATALOGING SOURCE | |
| Original cataloging agency | AM-YeHGA |
| 041 0# - LANGUAGE CODE | |
| Language code of text/sound track or separate title | rus |
| 090 ## - LOCALLY ASSIGNED LC-TYPE CALL NUMBER (OCLC); LOCAL CALL NUMBER (RLIN) | |
| -- | 71822 |
| 100 1# - MAIN ENTRY--PERSONAL NAME | |
| Personal name | Фостиков, Анатолий Алексеевич |
| 245 10 - TITLE STATEMENT | |
| Title | Фотограмметрические методы при планировке и учете земель сельских населенных мест / |
| Statement of responsibility, etc. | А.А. Фостиков, У.Д. Ниязгулов, А.А. Старков. |
| 260 0# - PUBLICATION, DISTRIBUTION, ETC. | |
| Place of publication, distribution, etc. | Москва : |
| Name of publisher, distributor, etc. | Недра, |
| Date of publication, distribution, etc. | 1984. |
| 300 ## - PHYSICAL DESCRIPTION | |
| Extent | 256 с. ; |
| Dimensions | 21 см. |
| 440 #0 - SERIES STATEMENT/ADDED ENTRY--TITLE | |
| Title | Промышленность - селу |
| 650 14 - SUBJECT ADDED ENTRY--TOPICAL TERM | |
| Topical term or geographic name entry element | Земельные фонды - Учет |
| 650 14 - SUBJECT ADDED ENTRY--TOPICAL TERM | |
| Topical term or geographic name entry element | Населенные места сельские - Планировка и строительство |
| 650 14 - SUBJECT ADDED ENTRY--TOPICAL TERM | |
| Topical term or geographic name entry element | Фотограмметрия |
| 700 1# - ADDED ENTRY--PERSONAL NAME | |
| Personal name | Ниязгулов, Урал Давлетшиевич |
| 700 1# - ADDED ENTRY--PERSONAL NAME | |
| Personal name | Старков, Александр Александрович |
| 942 ## - ADDED ENTRY ELEMENTS (KOHA) | |
| Source of classification or shelving scheme | Universal Decimal Classification |
| Koha item type | Գրքեր / Books |
| Withdrawn status | Lost status | Source of classification or shelving scheme | Damaged status | Not for loan | Collection | Home library | Current library | Date acquired | Total checkouts | Full call number | Barcode | Date last seen | Price effective from | Koha item type | Public note |
|---|---|---|---|---|---|---|---|---|---|---|---|---|---|---|---|
| Universal Decimal Classification | General | Fundamental Scientific Library | Fundamental Scientific Library | 22/12/2016 | PII/517003 | FL0202235 | 22/12/2016 | 22/12/2016 | Գրքեր / Books | 30 Days Loan |
ՀՀ Գիտությունների ազգային ակադեմիայի հիմնարար գիտական գրադարան = Fundamental Scientific Library of NAS RA
All site content, except where otherwise noted, is licensed under a